| 000 | 00444cam a2200181ua 4500 | ||
|---|---|---|---|
| 001 | 293 | ||
| 008 | 110328n ii |||gr||||Z||||||eng | ||
| 020 | _a81-219-2403-3 | ||
| 040 | _cMAIN | ||
| 082 | _a301.0954 | ||
| 245 |
_aSociology of Indian society. _cBy C.N Shankar Rao. |
||
| 250 | _a1st. | ||
| 260 |
_aNew Delhi.: _bS.chand., _c2004. |
||
| 300 |
_axiv, 764 p.: _c24 cm. |
||
| 653 | _aSociology. | ||
| 700 | 1 | _aRao, C.N Shakar., | |
| 942 | _cBK | ||
| 999 |
_c250 _d250 |
||